Normal view
MARC view
- Prof. Dr. Hamza Farooq Gabriel.
Entry Personal Name
001 - CONTROL NUMBER
- control field: 27390
003 - CONTROL NUMBER IDENTIFIER
- control field: NUST
005 - DATE AND TIME OF LATEST TRANSACTION
- control field: 20200108102609.0
008 - FIXED-LENGTH DATA ELEMENTS
- fixed length control field: 200108|| aca||aabn | a|a d
040 ## - CATALOGING SOURCE
- Original cataloging agency: NUST
- Transcribing agency: NUST
100 ## - HEADING--PERSONAL NAME
- Personal name: Prof. Dr. Hamza Farooq Gabriel.
670 ## - SOURCE DATA FOUND
- Source citation: Work cat.: (NUST): Kakar, Jamil Ahmed. 27388, Assessment of the water quality and ecological health of the stormwater management pond /, 2016.
